<?xml version="1.0" encoding="UTF-8"?>
<record
    xmlns:xsi="http://www.w3.org/2001/XMLSchema-instance"
    xsi:schemaLocation="http://www.loc.gov/MARC21/slim http://www.loc.gov/standards/marcxml/schema/MARC21slim.xsd"
    xmlns="http://www.loc.gov/MARC21/slim">

  <leader>00554nam a2200157Ia 4500</leader>
  <controlfield tag="008">180921t2017    xxu||||| |||| 00| 0 sin d</controlfield>
  <datafield tag="041" ind1=" " ind2=" ">
    <subfield code="a">sin</subfield>
  </datafield>
  <datafield tag="080" ind1=" " ind2=" ">
    <subfield code="a">X8&#xDC3;&#xDD2;3(&#xDBA;&#xDDC;&#xDC0;&#xDD4;&#xDB1;&#xDCA;)</subfield>
    <subfield code="b">&#xDA2;&#xDBA;&#xDC3;&#xDDA;</subfield>
  </datafield>
  <datafield tag="100" ind1=" " ind2=" ">
    <subfield code="a">&#xDA2;&#xDBA;&#xDC3;&#xDDA;&#xD9A;&#xDBB;, &#xDA0;&#xDD2;&#xDB1;&#xDCA;&#xDAD;&#xD9A; &#xDA2;&#xDDA;.</subfield>
  </datafield>
  <datafield tag="245" ind1=" " ind2=" ">
    <subfield code="a">&#xDBB;&#xDD2;&#xDC0;&#xDC3;&#xDCA;&#xDA7;&#xDB1;&#xDCA; &#xD9C;&#xDDC;&#xDC0;&#xDD2;&#xDB4;&#xDBD;&#xDDA; &#xDC3;&#xDD0;&#xD9F;&#xDC0;&#xDD4;&#xDAB; &#xD85;&#xDB7;&#xDD2;&#xDBB;&#xDC4;&#xDC3;</subfield>
  </datafield>
  <datafield tag="260" ind1=" " ind2=" ">
    <subfield code="b">&#xDB8;&#xDBD;&#xDCA;&#xDB4;&#xDD2;&#xDBA;&#xDBD;&#xDD2;</subfield>
    <subfield code="a">&#xDAF;&#xDB1;&#xDCA;&#xD9A;&#xDDC;&#xDA7;&#xDD4;&#xDC0;</subfield>
    <subfield code="c">2017</subfield>
  </datafield>
  <datafield tag="300" ind1=" " ind2=" ">
    <subfield code="a">&#xDC3;&#xDD9;.&#xDB8;&#xDD2;.21, &#xDB4;&#xDD2;.96</subfield>
  </datafield>
  <datafield tag="942" ind1=" " ind2=" ">
    <subfield code="c">BK</subfield>
  </datafield>
  <datafield tag="952" ind1=" " ind2=" ">
    <subfield code="0">0</subfield>
    <subfield code="1">0</subfield>
    <subfield code="4">0</subfield>
    <subfield code="7">0</subfield>
    <subfield code="8">TRAN</subfield>
    <subfield code="a">MAIN</subfield>
    <subfield code="b">MAIN</subfield>
    <subfield code="d">2022-02-01</subfield>
    <subfield code="o">X8&#xDC3;&#xDD2;3(&#xDBA;&#xDDC;&#xDC0;&#xDD4;&#xDB1;&#xDCA;) &#xDA2;&#xDBA;&#xDC3;&#xDDA;</subfield>
    <subfield code="p">P43576</subfield>
    <subfield code="r">2023-06-01</subfield>
    <subfield code="w">2023-06-01</subfield>
    <subfield code="y">BK</subfield>
  </datafield>
  <datafield tag="999" ind1=" " ind2=" ">
    <subfield code="c">12038</subfield>
    <subfield code="d">12038</subfield>
  </datafield>
  <controlfield tag="003">LK-CoDNM</controlfield>
  <datafield tag="040" ind1=" " ind2=" ">
    <subfield code="a">LK-CoDNM</subfield>
    <subfield code="d">LK-CoDNM</subfield>
    <subfield code="e">LK-CoDNM</subfield>
  </datafield>
</record>
